Earthquake-induced movements and seismic remediation of existing foundations and abutments : (Record no. 549999)
[ view plain ]
| 000 -LEADER | |
|---|---|
| fixed length control field | 01098cam a2200229 a 4500 |
| 020 ## - INTERNATIONAL STANDARD BOOK NUMBER | |
| International Standard Book Number | 0784401241 |
| 082 00 - DEWEY DECIMAL CLASSIFICATION NUMBER | |
| Classification number | 624.1762 |
| Author Mark | EAR |
| -- | L-39, P-188 |
| 245 00 - TITLE STATEMENT | |
| Title | Earthquake-induced movements and seismic remediation of existing foundations and abutments : |
| Remainder of title | proceedings of sessions sponsored by the Soil Dynamics Committee of the Geotechnical Engineering Division of the American Society of Civil Engineers in conjunction with the ASCE Convention in San Diego, California, October 23-27, 1995 / |
| Statement of responsibility, etc. | edited by Steve Kramer and Raj Siddharthan. |
| 260 ## - PUBLICATION, DISTRIBUTION, ETC. | |
| Place of publication, distribution, etc. | New York, N.Y. : |
| Name of publisher, distributor, etc. | The Society, |
| Date of publication, distribution, etc. | c1995. |
| 300 ## - PHYSICAL DESCRIPTION | |
| Extent | vii, 139 p. ; |
| Other physical details | ill., maps ; |
| Dimensions | 22 cm. |
| 526 ## - STUDY PROGRAM INFORMATION NOTE | |
| Program name | 0 |
| Interest level | 0 |
| Reading level | 0 |
| Title point value | 624_176200000000000_EAR |
| 650 #0 - SUBJECT ADDED ENTRY--TOPICAL TERM | |
| Topical term or geographic name entry element | Bridges |
| General subdivision | Abutments |
| 9 (RLIN) | 46765 |
| 650 #0 - SUBJECT ADDED ENTRY--TOPICAL TERM | |
| Topical term or geographic name entry element | Bridges |
| General subdivision | Earthquake effects |
| 9 (RLIN) | 46766 |
| 650 #0 - SUBJECT ADDED ENTRY--TOPICAL TERM | |
| Topical term or geographic name entry element | Bridges |
| General subdivision | Foundations and piers |
| 9 (RLIN) | 21593 |
| 650 #0 - SUBJECT ADDED ENTRY--TOPICAL TERM | |
| Topical term or geographic name entry element | MCE |
| 9 (RLIN) | 379 |
| 650 #0 - SUBJECT ADDED ENTRY--TOPICAL TERM | |
| Topical term or geographic name entry element | Soil dynamics |
| 650 #0 - SUBJECT ADDED ENTRY--TOPICAL TERM | |
| Topical term or geographic name entry element | Soil structure interaction |
| 700 1# - ADDED ENTRY--PERSONAL NAME | |
| Personal name | Kramer, Steven Lawrence. |
| 9 (RLIN) | 36294 |
| 700 1# - ADDED ENTRY--PERSONAL NAME | |
| Personal name | Siddharthan, Rajaratnam, |
| 9 (RLIN) | 46767 |
| 710 2# - ADDED ENTRY--CORPORATE NAME | |
| Corporate name or jurisdiction name as entry element | American Society of Civil Engineers. |
| 9 (RLIN) | 702 |
| 942 ## - ADDED ENTRY ELEMENTS (KOHA) | |
| Source of classification or shelving scheme | |
| Koha item type | Book |
| Withdrawn status | Lost status | Source of classification or shelving scheme | Damaged status | Not for loan | Permanent Location | Current Location | Date acquired | Total Checkouts | Full call number | Barcode | Date last seen | Price effective from | Koha item type |
|---|---|---|---|---|---|---|---|---|---|---|---|---|---|
| Military College of Engineering (MCE) | Military College of Engineering (MCE) | 10/17/2014 | 624.1762 EAR | MCE-43502 | 10/17/2014 | 10/17/2014 | Book |
